| 000 | 00368nam a22001217a 4500 | ||
|---|---|---|---|
| 082 | _a220 PRO | ||
| 100 |
_aMRAN, HARIS, ZUNAID _972043 |
||
| 245 | _aPR-SOF-1272-DESIGN AND FABRICATION OF SOLAR TRACKED THERMAL PARABOLIC COLLECTOR | ||
| 260 |
_aISLAMABAD _bNUST COLLEGE OF EME _c2013 |
||
| 650 | _aDE-MECH-31 | ||
| 700 |
_aSUPERVISOR ,AHMED SOHAIL _972044 |
||
| 942 | _cCR | ||
| 999 |
_c578251 _d578251 |
||